| 000 | 00687mam a2200241 a 4500 | ||
|---|---|---|---|
| 001 | 3324488 | ||
| 003 | ARRUPE | ||
| 005 | 20140207133305.0 | ||
| 008 | 921014s1990 sa ab f000 0 eng d | ||
| 020 | _a0797015132 | ||
| 035 | _a(OCoLC)ocm26781957 | ||
| 040 |
_aVRD _cVRD _dNNC |
||
| 043 | _af-sa--- | ||
| 050 | 4 |
_aDT758 _b.T49 1990 |
|
| 092 |
_a968.06 _bT448, 1990 |
||
| 245 | 0 | 0 | _aThis is South Africa. |
| 260 |
_aPretoria : _bBureau for Information, _c1990. |
||
| 300 |
_a138 p. : _bill., 1 folded map ; _c20 cm. |
||
| 651 | 0 |
_aSouth Africa _xDescription and travel. _98529 |
|
| 710 | 1 |
_aSouth Africa. _bBureau for Information. _98530 |
|
| 942 |
_2lcc _cMONOGRAPH |
||
| 999 |
_c120005 _d120005 |
||